Výstava Sláva Bohu ... v talianskom Citta di Castello

Bibliographic Details
Main Author: Pančuhová, Eva, 1950- (Author)
Format: Article
Language:Slovak
ISSN:1335-5074
Subjects:

MARC

LEADER 00000nab a2200000 a 4500
001 vtls008774332
003 SK-MaSNL
005 20260304135751.0
008 250505c2006 xo fr|p|||n |000 b|slo
015 |a SNBRB2006/06  |2 snkbucl 
035 |a (uuid)405e0ab8-c37b-4c69-8ab3-e5a5aa971251 
035 |a urn:nbn:sk:snk-ab2zgy 
035 |a (urnnbn)urn:nbn:sk:snk:ar-a047m2 
038 |a SNKBUCL 
040 |a SNKBUCL  |b slo  |c SNKBUCL  |e AACR2 
041 0 |a slo 
044 |a xo  |c SK 
080 |a 398.332.416:745.5:061.4  |2 2001 
080 |a 061.4  |2 2001 
100 1 |a Pančuhová, Eva,  |d 1950-  |4 aut  |9 213983 
245 1 0 |a Výstava Sláva Bohu ... v talianskom Citta di Castello  |c Eva Pančuhová 
611 2 7 |a Presepi Napoletani  |n (6. :  |d 2005 :  |c Citta di Castello, Taliansko)  |2 snkbucl  |9 1455407 
650 0 7 |a betlehemy  |2 snkbucl  |9 13423 
650 0 7 |a výstavy  |2 snkbucl  |9 2780 
773 0 |t Etnologické rozpravy  |g Roč. XIII, č. 1 (2006), s. 267-269  |x 1335-5074 
850 |a Slovenská národná knižnica 
852 |a Slovenská národná knižnica 
954 |a odborná, vedecká literatúra pôvodná (slovenská)  |2 lita 
958 |a article27 
958 |a IT 
958 |a OND 
958 |a EUIPO 
999 |c 2912136  |d 2914066